| 000 | 00909nam a2200241 i 4500 | ||
|---|---|---|---|
| 001 | 125219 | ||
| 003 | ES-MaACL | ||
| 005 | 20250826063144.0 | ||
| 007 | t| | ||
| 008 | 070508s1931 sp ||||1| spa d | ||
| 080 | _a86-221"19" | ||
| 100 | 1 |
_aMaura, Honorio, _d1886-1936 _979218 |
|
| 245 | 1 | 3 |
_aLa condesita y su bailarín _b: comedia en un prólogo y cuatro actos en prosa / _cHonorio Maura ; dibujos de Antonio Merlo. |
| 260 |
_aMadrid : _bRibadeneyra, _c1931. |
||
| 300 |
_a58 p. : _bil. ; _c17 cm. |
||
| 490 | 1 |
_aLa Farsa ; _v179 |
|
| 500 | _aEstrenada en el Teatro de la Comedia de Madrid, el día 25 de noviembre de 1930. | ||
| 500 | _aCubierta de este número: Milagros Leal y Salvador Soler-Mary en La condesita y su bailarín. | ||
| 700 | 1 |
_aMerlo, Antonio. _980579 |
|
| 830 | 0 |
_aLa Farsa ; _v179 _9185863 |
|
| 852 |
_aES-MaACL _j2226-F-12 _bR.140801 |
||
| 999 |
_c125219 _d125219 |
||